Návrh robotickej výrobnej linky na výrobu plastových ovládacích prvkov pre automobilový priemysel s využitím ABB RobotStudio

Saved in:
Bibliographic Details
Main Author: Michálek, František (Author)
Other Authors: Vachálek, Ján (Thesis advisor)
Format: Manuscript Book
Language:Slovak
Published: 2015
Subjects:
Online Access:http://is.stuba.sk/zp/portal_zp.pl?podrobnosti=103780
Tags: Add Tag
No Tags, Be the first to tag this record!

MARC

LEADER 00000ntm a22000003a 4500
001 stuzp52988
003 SK-STU
005 20160719154337.4
007 ta
008 150427s2015----xo-----f-mn---000-0-slo-d
040 |a STU  |b slo 
041 0 |a slo 
100 1 |a Michálek, František  |u 020020  |4 aut  |U SjF Strojnícka fakulta  |T SjF Ústav automatizácie, merania a aplikovanej informatiky  |X 55751  |U J0020  |Y 802  |7 A000055751 
242 0 1 |a Robotic production line proposal for plastic controls for the automotive industry  |y eng 
245 1 0 |a Návrh robotickej výrobnej linky na výrobu plastových ovládacích prvkov pre automobilový priemysel s využitím ABB RobotStudio 
260 |c 2015 
650 4 |a Priemyselný robot  |2 slo 
650 4 |a ABB  |2 slo 
650 4 |a Robotická výrobná linka  |2 slo 
650 4 |a RobotStudio  |2 slo 
650 4 |a Robotic production line  |2 eng 
650 4 |a Industrial robot  |2 eng 
650 4 |a ABB  |2 eng 
650 4 |a RobotStudio  |2 eng 
700 1 |a Vachálek, Ján  |4 ths  |X 2232  |7 A000002232 
856 4 |u http://is.stuba.sk/zp/portal_zp.pl?podrobnosti=103780 
996 |b 284J043675  |c J* 1965/DP  |l JJSK  |s A  |a 24  |w stuzp52988_0001 
SQL |a stuzp52988  |b DDP  |c SLO  |d Návrh robotickej výrobnej linky na výrobu plastových ovládacích prvkov pre automobilový priemysel s využitím ABB RobotStudio  |e 55751  |f Michálek, František  |g 020020  |h 2232  |i Vachálek, Ján  |j 20150618  |k 51  |l 02  |m http://is.stuba.sk/zp/portal_zp.pl?podrobnosti=103780  |n I-AISP  |o 5.2.14. automatizácia